[Event "Turkish Championship 2019"]
[Site "Antalya-Kemer"]
[Date "2019.11.26"]
[Round "4.2"]
[White "Haznedaroglu, Kivanc"]
[Black "Koksal, Ege"]
[Result "1/2-1/2"]
[WhiteElo "2461"]
[BlackElo "2375"]
[Annotator "TA"]
[PlyCount "144"]
[EventDate "2019.11.23"]
[EventType "tourn"]
[EventCountry "TUR"]
[SourceTitle "playchess.com"]
[Source "ChessBase"]
[SourceQuality "1"]

{[%evp 17,144,-39,-40,-54,0,0,0,0,0,0,0,0,0,0,0,-10,-7,-6,-6,-8,0,0,16,12,6,9,13,0,27,25,32,33,30,27,43,40,41,32,56,47,69,63,57,75,104,27,18,8,199,199,293,312,302,283,284,283,421,305,290,252,241,147,105,0,0,0,0,-20,-21,-22,-31,-30,-27,-20,-19,-194,-70,-70,-37,-39,-42,-41,-41,-41,-41,-41,-33,-47,-46,-69,-66,-81,-89,-153,0,0,0,0,0,0,0,0,0,0,0,0,0,0,0,0,0,0,0,0,0,0,0,0,0,0,0,0,0,0,0,0,0,0,0]} 1. c4 e6 2. Nf3 d5 3. g3 dxc4 4. Qa4+ Nd7 5. Qxc4 a6 6. Bg2 Ngf6 7. O-O b5 8. Qc2 Bb7 9. d4 c5 10. a4 {E03: Open Catalan: 5 Qa4+ Nbd7 6 Qxc4} (10. Nc3 Rc8 11. dxc5 Bxc5 12. a3 O-O 13. Bg5 Qb6 14. Bxf6 Nxf6 15. e3 a5 16. Rfd1 Rc7 17. Qe2 Ba6 18. Bf1 Ra8 19. Nxb5 Nd5 20. a4 Rac8 21. Nfd4 {1-0 (68) Stupak,K (2537)-Melkumyan,H (2661) Skopje 2019}) 10... Qb6 (10... cxd4 $15 11. Nxd4 Bxg2 12. Kxg2 Rc8) 11. axb5 $11 axb5 12. Rxa8+ Bxa8 13. Bg5 $146 ({Predecessor:} 13. Na3 Be7 14. dxc5 Bxc5 15. b4 Bxb4 16. Be3 Qd8 17. Nxb5 O-O {½-½ (103) Turner,M (2517)-Summerscale,A (2434) Halifax 2010}) 13... Be7 14. dxc5 Bxc5 15. Bxf6 Nxf6 16. Ne5 O-O 17. Bxa8 Rxa8 18. Nd3 Be7 19. Nd2 Nd5 20. Nf3 h6 21. Rc1 Rd8 22. Nfe5 Bf6 23. Qc5 Bxe5 24. Nxe5 Qb7 25. Qc6 Qxc6 26. Rxc6 {[%mdl 4096] Endgame KRN-KRN} Nf6 27. f3 Rd2 28. Kf2 Rxb2 29. Rc8+ Kh7 30. Nxf7 Rb1 31. g4 ({White should play} 31. h4 $16) 31... Nd5 32. h4 Kg6 $2 (32... Rb2 $11 {and Black stays safe.}) 33. Rf8 $1 $18 Kf6 (33... Kh7 $142) 34. Nxh6+ $1 {[%mdl 64] Discovered Attack} Ke5 35. Nf7+ Kd4 36. Ng5 e5 (36... Ke5 {was worth a try.} 37. f4+ Kd6 38. Rd8+ Kc6 39. Nxe6 b4) 37. Rd8 Kc4 38. Ne4 Rb2 39. Ng3 b4 40. Rc8+ (40. h5 $1 $16) 40... Kb5 $11 41. Rb8+ Nb6 $1 {Hoping for ...b3.} 42. Ne4 Rc2 $1 43. Ke3 $1 b3 {Threatens to win with ...b2.} 44. Kd3 Rc6 45. Nc3+ $1 Ka6 46. h5 $2 {[#]} (46. Nd1 $11 {and White has nothing to worry.}) 46... b2 (46... Rd6+ $1 $19 47. Ke4 b2) 47. Kc2 $15 Rxc3+ (47... Ka7 $5 {[%cal Rc6c3]} 48. Rxb6 Kxb6 49. Kxb2 Kc5 $17) 48. Kxb2 {KRN-KR} Rc7 49. g5 Kb5 50. e3 Kc5 51. Kc3 Kd5+ 52. Kd3 Nd7 53. Re8 Nc5+ 54. Ke2 Ne6 55. f4 (55. g6 $142) 55... e4 $2 (55... exf4 $17 {And now ...Rc2+ would win.} 56. h6 {[#]} f3+ $1 {[%mdl 576] Decoy} 57. Kxf3 Nxg5+ 58. Kf4 gxh6 59. e4+ Kd6) 56. Kf2 $11 {The position is equal.} Rc2+ 57. Kg3 Rc3 58. Kg4 {aiming for h6.} Rxe3 {...Rf3 is the strong threat.} 59. f5 {[#]} Nxg5 $1 {[%mdl 512]} 60. Kxg5 {KR-KR} Rf3 61. Kg6 Rg3+ 62. Kh7 Rg5 63. h6 {[%mdl 64] Overworked Piece} gxh6 64. f6 {Strongly threatening f7.} Rf5 65. Kg6 Rf3 66. f7 ({Much weaker is} 66. Kxh6 Rxf6+ 67. Kg5 Rf1 $17) 66... Kd4 $1 67. Rd8+ Kc3 68. f8=Q Rxf8 69. Rxf8 {Threatening mate with Re8.} e3 70. Re8 Kd2 71. Rxe3 Kxe3 72. Kxh6 Ke4 {Accuracy: White = 65%, Black = 61%.} 1/2-1/2

[Event "Turkish Championship 2019"]
[Site "Antalya-Kemer"]
[Date "2019.11.26"]
[Round "4.3"]
[White "Yilmazyerli, Mert"]
[Black "Kamer, Kayra"]
[Result "1-0"]
[WhiteElo "2396"]
[BlackElo "2329"]
[Annotator "TA"]
[PlyCount "25"]
[EventDate "2019.11.23"]
[EventType "tourn"]
[EventCountry "TUR"]
[SourceTitle "playchess.com"]
[Source "ChessBase"]
[SourceQuality "1"]

{[%evp 9,53,27,68,18,104,50,107,104,125,130,131,131,131,132,133,124,422,218,225,218,219,216,207,205,316,243,381,391,490,483,736,685,691,716,716,714,700,712,795,783,1905,1949,1750,1743,29988,29989]} 1. e4 c5 2. Nc3 e6 3. Nge2 d5 4. exd5 exd5 5. d4 Nc6 6. Be3 {B23: Closed Sicilian: Lines without g3} Bg4 $146 (6... c4 $11) ({Predecessor:} 6... c4 7. g3 Bb4 8. Bg2 Nge7 9. O-O O-O 10. a3 Ba5 11. b4 cxb3 12. cxb3 Bxc3 13. Nxc3 Be6 {1-0 (58) Demchenko,A (2679)-Inarkiev,E (2693) St Petersburg 2018}) 7. f3 (7. dxc5 $16 d4 8. Bxd4) 7... Be6 (7... cxd4 $1 $14 8. Nxd4 Bd7) 8. dxc5 $16 {White is better.} Nge7 9. Nd4 Nxd4 10. Qxd4 Nf5 11. Qa4+ ({Much less strong is} 11. Bb5+ $6 Ke7 $11) 11... Bd7 12. Qf4 $36 {[%mdl 2048] Keeping Black busy.} Qa5 $2 {[%mdl 8192]} (12... d4 $16 {was necessary.} 13. Bxd4 Nxd4 14. Qxd4 Bc6 15. Qe5+ Qe7 16. Qxe7+ Bxe7) 13. b4 {Played: Bf1-b5} 1-0

[Event "Turkish Championship 2019"]
[Site "Antalya-Kemer"]
[Date "2019.11.26"]
[Round "4.4"]
[White "Gokerkan, Cem Kaan"]
[Black "Yilmaz, Mustafa"]
[Result "1/2-1/2"]
[WhiteElo "2452"]
[BlackElo "2605"]
[Annotator "TA"]
[PlyCount "61"]
[EventDate "2019.11.23"]
[EventType "tourn"]
[EventCountry "TUR"]
[SourceTitle "playchess.com"]
[Source "ChessBase"]
[SourceQuality "1"]

{[%evp 20,61,9,-89,-81,-68,0,0,-11,-21,0,0,0,0,0,0,0,0,0,0,5,0,0,0,0,14,12,12,8,12,30,23,29,0,0,0,0,0,0,0,0,0,0,0]} 1. e4 c5 2. Nf3 d6 3. d4 cxd4 4. Nxd4 Nf6 5. Nc3 a6 6. Bg5 e6 7. f4 h6 ({Predecessor:} 7... Qb6 8. Qd2 Qxb2 9. Rb1 Qa3 10. e5 h6 {½-½ (43) Szczepanski,Z (2547)-Manso Gil,A (2538) ICCF email 2013}) 8. Bh4 Qb6 9. Qd2 Qxb2 10. Rb1 Qa3 11. e5 (11. f5 $11) 11... dxe5 $17 {B97: Sicilian Najdorf: Poisoned Pawn} 12. fxe5 g5 $146 (12... Nfd7 $1 $15) (12... Nfd7 13. Ne4 Qxa2 14. Rd1 Qd5 15. Qe3 Qxe5 16. Be2 Bc5 17. Bg3 Qd5 18. c4 Bxd4 19. Rxd4 {0-1 (47) Giri,A (2779)-Vachier Lagrave,M (2775) Paris 2019}) 13. exf6 $11 {Hoping for Bg3.} gxh4 14. Be2 Qa5 15. O-O Nd7 16. Kh1 Qg5 17. Rf4 e5 18. Nd5 $1 {[%cal Rd5c7] White threatens Nc7+ and mate.} exd4 ({But not} 18... exf4 $2 19. Nc7+ (19. Nf3 Qf5 $11) 19... Kd8 {[#]} 20. Nde6+ $1 {[%mdl 512]} fxe6 21. Nxe6+ Ke8 22. Nxg5 $18) 19. Qxd4 Bc5 20. Qe4+ Kd8 $1 {Threatens to win with ...Re8.} 21. Rf5 Re8 {[#]} 22. Qxe8+ $1 {[%mdl 512]} Kxe8 23. Rxg5 hxg5 24. Nc7+ {[%mdl 64] Double Attack} Kd8 25. Nxa8 {Strongly threatening Rd1.} Nxf6 26. Nb6 Ne4 {...Nc3 is the strong threat.The position is equal.} 27. Nxc8 Nf2+ 28. Kg1 Ne4+ 29. Kh1 Nf2+ 30. Kg1 Ne4+ 31. Kh1 {Accuracy: White = 87%, Black = 79%.} 1/2-1/2

[Event "Turkish Championship 2019"]
[Site "Antalya-Kemer"]
[Date "2019.11.26"]
[Round "4.5"]
[White "Cansun, Can Alp"]
[Black "Sevgi, Volkan"]
[Result "0-1"]
[WhiteElo "2203"]
[BlackElo "2325"]
[Annotator "TA"]
[PlyCount "160"]
[EventDate "2019.11.23"]
[EventType "tourn"]
[EventCountry "TUR"]
[SourceTitle "playchess.com"]
[Source "ChessBase"]
[SourceQuality "1"]

{[%evp 13,160,0,0,-10,0,0,0,-32,-30,-29,-31,-35,-34,-39,-28,-42,3,4,0,0,0,-18,0,0,0,-19,-18,-19,-19,-19,-24,-41,-50,-54,-55,-51,-52,-52,-41,-32,-33,-39,-32,-34,-40,-31,0,-20,-20,-17,-17,-21,-21,-22,-20,-19,-26,-95,-95,-101,-94,-132,-128,-135,-144,-141,-135,-157,-150,-159,-127,-190,-199,-186,-185,-168,-100,-93,-94,-93,-85,-95,-94,-94,-100,-99,-100,-135,-125,-128,-74,-88,-76,-297,-290,-316,-277,-521,-502,-606,-241,-270,-284,-239,-140,-152,-129,-201,-191,-344,-343,-310,-283,-412,-404,-803,-993,-1038,-1020,-1287,-1306,-1101,-1082,-1777,-1737,-4633,-4427,-29961,-29961,-29964,-29963,-12793,-2670,-4602,0,-29953,-29959,-29968,-29967,-29965,-29964,-29979,-29980,-29992,-29993,-29993,-29994,-29994,-29994]} 1. d4 Nf6 2. c4 e6 3. Nc3 Bb4 4. e3 O-O 5. Nge2 Re8 6. a3 Bf8 7. Ng3 d5 8. Qc2 {E46: Nimzo-Indian: Rubinstein: 4 e3 0-0 5 Ne2 without early Bd3} (8. Be2 b6 9. O-O Bb7 10. b4 Nbd7 11. Qb3 c6 12. Rd1 a5 13. Bd2 axb4 14. axb4 Qe7 15. cxd5 exd5 {½-½ (36) Aleksandrov,A (2577)-Le,Q (2708) Khanty-Mansiysk 2019}) 8... a6 $146 ({Predecessor:} 8... b6 9. cxd5 exd5 10. Bd3 Ba6 11. O-O Bxd3 12. Qxd3 Nbd7 13. Bd2 Qc8 14. e4 dxe4 15. Ncxe4 Qb7 16. Rfe1 Nxe4 17. Nxe4 Qd5 18. Nc3 Qb3 19. Qb5 Qxb5 20. Nxb5 Rxe1+ 21. Rxe1 c6 {½-½ (21) Jovanic,O (2477)-Markus,R (2595) Nova Gorica 2006}) 9. cxd5 exd5 10. b4 {The position is equal.} Nc6 11. Be2 h5 12. O-O h4 13. Nh5 Nxh5 14. Bxh5 g6 (14... h3 {looks sharper.} 15. g3 Ne7 16. Qb3 Be6 17. Na4 Nf5) 15. Bf3 Be6 16. Na4 Qf6 17. Bb2 Bf5 $36 {[%mdl 2048] Black is pushing.} 18. Qb3 Ne7 19. Nc3 c6 20. e4 dxe4 $1 21. Nxe4 Bxe4 22. Bxe4 {Threatening d5.} Bg7 23. Rab1 Qf4 24. Rfe1 Nf5 25. g3 hxg3 26. hxg3 Qg4 27. Qd3 Nd6 28. Bf3 Rxe1+ 29. Rxe1 Qd7 (29... Qf5 $5 {[%cal Rf5d3]} 30. Rd1 Qxd3 31. Rxd3 Nc4 $11) 30. Re2 Nb5 31. d5 {Strongly threatening Bxg7.} Bxb2 32. Rxb2 Rd8 33. Rd2 Nc7 {[%cal Rc7d5]} 34. d6 Nb5 {[%cal Rd7d6]} 35. Be4 (35. Qe4 $11 {keeps the balance.}) 35... Qxd6 $17 36. Bxg6 Qxd3 $1 37. Bxd3 {[%mdl 4096] Endgame Black must now prevent Bh7+! KRB-KRN} Kf8 38. a4 Nc3 39. a5 Rd4 40. Kf1 Rxb4 41. Rc2 Nd5 42. Bc4 (42. Re2 $17 {was called for.}) 42... Nc7 $1 $19 43. Ba2 Rb5 44. Rd2 Nd5 (44... Rxa5 $19 45. Bxf7 {[%mdl 64] Decoy} Kxf7 46. Rd7+ Ke6 47. Rxc7 Rb5) 45. Bxd5 $17 cxd5 {KR-KR} 46. Ra2 Ke7 47. Ke2 Kd6 48. Kd3 Rb3+ 49. Kd4 Rb4+ 50. Kd3 f5 51. Ra1 Rb2 (51... d4 $142 52. Rh1 Ke5 53. Re1+ Kd5) 52. Ke3 Ke5 53. Ra4 $2 (53. f4+ $17 Kd6 54. Rh1) 53... Rb3+ $19 54. Ke2 d4 55. Rc4 $2 (55. f3) 55... Ke4 56. f3+ Kd5 $2 (56... Rxf3 57. Rc7 Rxg3 58. Re7+ Kd5 59. Rd7+ Kc6 60. Rxd4 Ra3 61. Rc4+ Kd5 $1 {[%mdl 512]}) 57. Rc8 Re3+ 58. Kf2 Ra3 ({Black should try} 58... Re6 $1 $19 {Hoping for ...d3.} 59. Rc7 b6 60. axb6 Rxb6) 59. Rf8 $17 Ra2+ 60. Ke1 Ke6 61. Re8+ $2 {[#]} (61. Rb8 {was the only defense.}) 61... Kd6 $1 $19 62. Rd8+ {[#]} Kc6 $1 63. Rxd4 (63. Rf8 $142 Rxa5 64. Rf6+ Kc7 65. Rf7+ Kb6 66. Rf6+ Ka7 67. Kd2) 63... Rxa5 64. Rc4+ (64. g4 $142 fxg4 65. Rxg4) 64... Rc5 65. Rh4 a5 66. Kd2 b5 67. Rh6+ Kd5 68. g4 fxg4 69. fxg4 Kc4 70. Kc2 Kb4+ 71. Kb1 Rg5 72. Rh4 Kc4 (72... Ka4 $142 73. Ka2 b4) 73. Kb2 Kb4 $2 (73... b4 $19 {aiming for ...a4.} 74. Ka2 a4) 74. Ka2 $2 {[%mdl 8192]} (74. Kb1 $11 Ka4 75. Kb2) 74... a4 {[%cal Ba5a4,Ba4a3,Ba3a2][%mdl 32] Black mates.} 75. Kb2 a3+ 76. Ka2 Ka4 77. Rh3 b4 {[%cal Bb5b4,Bb4b3][%mdl 32]} 78. Rg3 Re5 79. Rg1 b3+ 80. Ka1 a2 {Accuracy: White = 40%, Black = 70%.} 0-1

[Event "Turkish Championship 2019"]
[Site "Antalya-Kemer"]
[Date "2019.11.27"]
[Round "5.1"]
[White "Yilmaz, Mustafa"]
[Black "Cansun, Can Alp"]
[Result "1-0"]
[WhiteElo "2605"]
[BlackElo "2203"]
[Annotator "TA"]
[PlyCount "77"]
[EventDate "2019.11.23"]
[EventType "tourn"]
[EventCountry "TUR"]
[SourceTitle "playchess.com"]
[Source "ChessBase"]
[SourceQuality "1"]

{[%evp 21,91,0,0,-8,30,22,54,46,49,50,48,43,73,64,79,69,81,76,97,60,120,126,170,55,47,40,40,40,79,68,79,40,40,40,40,40,58,40,93,83,125,125,138,147,148,74,148,149,256,254,525,516,445,528,498,534,532,532,529,527,527,520,494,475,663,579,727,716,622,606,657,626]} 1. d4 Nf6 2. c4 e6 3. Nf3 d5 4. Nc3 Be7 5. cxd5 exd5 6. Bg5 c6 7. Qc2 g6 8. e3 Bf5 9. Bd3 Bxd3 10. Qxd3 O-O 11. Bxf6 Bxf6 12. h4 {D36: Queen's Gambit Declined: Exchange Variation: Main line (5 Bg5 c6 6 Qc2)} Nd7 13. h5 b5 $146 ({Predecessor:} 13... Re8 14. O-O-O a5 15. e4 dxe4 16. Nxe4 Nb6 17. hxg6 hxg6 18. Ne5 Kg7 19. Qe3 Kg8 20. Nxf6+ Qxf6 21. Ng4 Qg7 22. Qa3 Qf8 23. Nf6+ Kg7 24. Qf3 Qe7 25. Rh7+ Kf8 26. Rdh1 {1-0 (26) Nguyen,A (2529)-Raja,R (2364) Abu Dhabi 2019}) 14. O-O {White is slightly better.} Qe7 15. Rac1 Rac8 16. Rc2 Nb6 17. Rfc1 Rfe8 18. Ne2 Qd7 19. b3 Rc7 20. Nf4 {[%cal Rh5g6]} g5 (20... Rec8 $14) 21. Ne2 $16 g4 {[#]} 22. Nh2 (22. Ne5 $1 $18 {[%cal Re5d7][%mdl 512]} Bxe5 23. dxe5) 22... Bh4 $1 $14 23. Qd1 f5 24. Nf1 Nc8 {[#]} 25. Nf4 $1 Be7 26. Ng3 (26. Nd3 $5 {[%cal Rd3e5]}) 26... Ba3 27. Rb1 Bd6 28. Nge2 Qf7 29. Qd2 Qe7 (29... Nb6 $14) 30. Rbc1 $16 Bb4 31. Qd1 Qd7 32. Nd3 Bd6 33. Qd2 (33. Nef4 $142) 33... Ne7 (33... Ba3 $142) 34. Nef4 Nc8 {[#]} (34... Rf8 $16 35. Ne5 Qc8) 35. Ne5 $1 $18 {[%cal Re5d7][%mdl 512]} Rxe5 $2 (35... Bxe5 36. dxe5 Rxe5) 36. dxe5 {White is clearly winning.} Bxe5 {[#]} 37. Nxd5 $1 {[%mdl 512]} cxd5 38. Rxc7 Bxc7 39. Qc2 {Played: Qd2-c3} 1-0

[Event "Turkish Championship 2019"]
[Site "Antalya-Kemer"]
[Date "2019.11.27"]
[Round "5.2"]
[White "Kamer, Kayra"]
[Black "Gokerkan, Cem Kaan"]
[Result "0-1"]
[WhiteElo "2329"]
[BlackElo "2452"]
[Annotator "TA"]
[PlyCount "86"]
[EventDate "2019.11.23"]
[EventType "tourn"]
[EventCountry "TUR"]
[SourceTitle "playchess.com"]
[Source "ChessBase"]
[SourceQuality "1"]

{[%evp 17,86,14,39,32,18,27,24,0,8,0,0,0,0,6,0,0,0,0,0,-8,-12,-10,-10,-11,-16,-6,-3,-21,-18,-122,-126,-197,-192,-185,-182,-185,-193,-186,-153,-190,-166,-133,-48,-215,-116,-265,-236,-230,-223,-307,-274,-524,-400,-424,-380,-418,-404,-598,-598,-765,-737,-904,-898,-1475,-1313,-12839,-12839,-29990,-29991,-29993,-29994]} 1. e4 c5 2. Nf3 d6 3. d4 Nf6 4. Nc3 cxd4 5. Nxd4 a6 6. f3 e5 7. Nb3 Be6 8. Be3 Nbd7 9. Qd2 h5 10. Nd5 {B90: Sicilian Najdorf: Unusual White 6th moves, 6 Be3 Ng4 and 6 Be3 e5} (10. O-O-O Be7 11. Bg5 b5 12. h4 Rc8 13. Kb1 O-O 14. a3 Re8 15. Be2 Qb6 16. Rhg1 Bf8 17. Nc1 Rc7 18. N1a2 Rec8 {0-1 (36) Inarkiev,E (2693)-Vidit,S (2707) Danzhou 2019}) 10... Bxd5 11. exd5 g6 12. Na5 {White has an edge.} Qc7 13. c4 Bg7 14. Be2 e4 15. O-O exf3 16. Bxf3 Ne5 17. c5 O-O 18. c6 $146 ({Predecessor:} 18. b4 Rae8 19. Bf4 dxc5 20. Bxe5 Qxe5 21. bxc5 Nd7 22. Nxb7 Nxc5 23. Nxc5 {½-½ (23) Betker,J (2451)-Roubaud,D (2533) ICCF email 2014}) 18... bxc6 19. Nxc6 Nc4 20. Qc1 Nxe3 21. Qxe3 Rae8 22. Qa3 g5 $36 {[%mdl 2048] [#] White must now prevent ...g4. Black has the initiative.} 23. Qxa6 (23. Qb3 $11 {remains equal.}) 23... g4 $17 24. Bd1 (24. Be2 $17 Nxd5 25. Rf2) 24... Nxd5 $19 25. Bb3 Ne3 26. Qb5 {[#]} d5 $1 ({Don't play} 26... Nxf1 27. Rxf1 h4 28. a4 $15) (26... Bxb2 27. Qxh5 d5 28. Qg5+ Bg7 29. Rf6 $15) 27. Bxd5 Qd6 ({Much less strong is} 27... Nxf1 28. Rxf1 Kh8 29. b4 $15) 28. Bb3 Nxf1 29. Rxf1 Re3 (29... Qh6 $17 30. Bc4 h4) 30. Bc2 $2 ({Better is} 30. Qg5 $1 $15) 30... Be5 ({Black should play} 30... Qh6 $19 31. Kh1 Re6) 31. Kh1 (31. Nxe5 $17 Rxe5 32. Qd3 Qxd3 33. Bxd3) 31... Kg7 32. Bb3 f5 33. Qb7+ Kh6 34. Ne7 $2 (34. Na5 Qc5 35. Nc4) 34... Kg5 {And now ...f4 would win.} 35. Nd5 Rd3 36. Bc4 Rd4 37. b3 (37. Qb3 {is a better defense.}) 37... f4 38. Re1 f3 39. gxf3 gxf3 40. Rg1+ Rg4 41. h4+ Kxh4 {( -> ...Rxg1+)} 42. Rxg4+ hxg4 43. Ne3 Qh6 {Accuracy: White = 19%, Black = 74%.} 0-1

[Event "Turkish Championship 2019"]
[Site "Antalya-Kemer"]
[Date "2019.11.27"]
[Round "5.4"]
[White "Yuksel, Atilla Koksal"]
[Black "Haznedaroglu, Kivanc"]
[Result "1-0"]
[WhiteElo "2250"]
[BlackElo "2461"]
[Annotator "TA"]
[PlyCount "117"]
[EventDate "2019.11.23"]
[EventType "tourn"]
[EventCountry "TUR"]
[SourceTitle "playchess.com"]
[Source "ChessBase"]
[SourceQuality "1"]

{[%evp 13,117,31,45,59,56,49,58,31,34,34,43,29,56,4,70,49,81,89,83,83,44,0,64,63,64,63,72,64,87,129,274,227,250,252,241,247,232,185,238,185,185,185,186,181,182,168,179,75,277,260,241,247,283,304,402,389,437,453,452,451,444,448,430,434,479,461,639,643,641,593,589,441,432,381,586,600,550,580,557,538,590,579,530,488,523,496,497,499,492,472,587,556,820,610,1035,993,1205,1205,1160,1124,954,995,29978,29980,29980,29981]} 1. e4 e6 2. d4 d5 3. Nc3 Bb4 4. e5 b6 5. Qg4 Bf8 6. Bg5 Qd7 7. f4 Ba6 8. Bxa6 {C16: French: 3 Nc3 Bb4 4 e5: Lines without ...c5} Nxa6 9. O-O-O (9. Qe2 Nb4 10. a3 Nc6 11. Nf3 Nge7 12. O-O-O O-O-O 13. g4 Kb7 14. Rhf1 h6 15. Bh4 Rc8 {1-0 (54) Grigoryan,K (2606)-Pourramezanali,A (2503) Rasht 2016}) 9... c6 10. Nf3 {White is slightly better.} h6 11. Bh4 h5 12. Qh3 $146 ({Predecessor:} 12. Qg5 Ne7 13. Qg3 Nf5 14. Qf2 Nxh4 15. Qxh4 Be7 {½-½ (42) Vasiukov,E-Andersson,U Wijk aan Zee 1973}) 12... Nh6 13. Rhe1 (13. Kb1 $14) 13... Rc8 (13... Bb4 $11) 14. Bg5 $14 Nf5 15. g4 hxg4 16. Qxh8 gxf3 17. Qh3 (17. Rf1 $5 {[%cal Rf1f3]} c5 18. dxc5 $16 (18. Rxf3 cxd4 19. Rh3 f6 $17)) 17... b5 ({Black should try} 17... c5 $11 18. dxc5 f2) 18. Qxf3 b4 19. Ne2 {Strongly threatening Qd3.} c5 20. dxc5 Bxc5 {[#]} 21. Kb1 $1 {Ng3 is the strong threat.} Bb6 {[#]} (21... Qc6 $16) 22. Ng3 $1 $18 {[%cal Rg3f5] aiming for Nxf5.} Qc6 23. Rc1 Nc5 24. Nxf5 exf5 25. Qh3 Ne4 26. Qh8+ Kd7 27. Qxg7 {[%cal Rg7f7]} Qg6 28. Qxg6 fxg6 29. Rcd1 Ke6 30. Re2 (30. Bh4 $18 {is more deadly.}) 30... a5 $2 (30... Nxg5 $16 31. fxg5 f4) 31. Bh4 Rh8 32. Rg2 Rg8 {and the idea ...Be3 leaves Black hopeful.} 33. Rd3 d4 34. Be1 Kf7 35. a3 Bc5 36. axb4 axb4 37. Ka2 Ke6 38. Rh3 Ra8+ 39. Kb1 Rg8 40. Rh6 Kf7 41. Rh7+ Ke6 42. Rb7 g5 43. Bxb4 g4 (43... Bxb4 $142 44. Rxb4 Rf8) 44. Bxc5 Nxc5 {[%mdl 4096] Endgame KRR-KRN} 45. Rb4 Kd5 46. Rd2 Ne6 47. c3 Ke4 48. Kc2 Rh8 49. cxd4 {Black must now prevent d5+.} Nxf4 50. d5+ Kxe5 51. d6 Ne6 52. d7 Nd8 53. Rf2 Ke6 54. Rd4 Nc6 55. Re2+ Kf7 56. Rd6 Nd8 57. Rd5 Kg6 58. Re8 Rxh2+ 59. Rd2 {Accuracy: White = 72%, Black = 34%.} 1-0

[Event "Turkish Championship 2019"]
[Site "Antalya-Kemer"]
[Date "2019.11.27"]
[Round "5.5"]
[White "Sanal, Vahap"]
[Black "Ozen, Deniz"]
[Result "1-0"]
[WhiteElo "2545"]
[BlackElo "2422"]
[Annotator "TA"]
[PlyCount "65"]
[EventDate "2019.11.23"]
[EventType "tourn"]
[EventCountry "TUR"]
[SourceTitle "playchess.com"]
[Source "ChessBase"]
[SourceQuality "1"]

{[%evp 16,65,56,42,59,54,71,59,53,45,68,4,9,16,22,10,158,143,153,161,311,302,377,368,366,333,373,375,754,766,909,639,639,632,632,632,630,630,632,632,632,632,632,632,632,617,625,551,551,551,537,532]} 1. e4 e5 2. d4 exd4 3. Nf3 Nf6 4. e5 Ne4 5. Qxd4 d5 6. exd6 Nxd6 7. Nc3 Nc6 8. Qf4 Be7 9. Bd2 O-O {C43: Petroff Defence: 3 d4} 10. O-O-O a6 $146 ({Predecessor:} 10... Nf5 11. Bd3 Bd6 12. Qa4 Bd7 {½-½ (12) Psakhis,L (2610)-Yudasin,L (2635) Haifa 1996}) 11. Bd3 Be6 {White is slightly better.} 12. h4 Qd7 13. g4 (13. Kb1 $14) 13... Bxg4 $11 14. Rhg1 f5 15. Nd5 $40 {[%mdl 128] White is up to no good.} Ne4 (15... Qe6 $11 16. c4 Bxf3 17. Qxf3 Ne5) 16. Nxe7+ $16 Qxe7 17. Rde1 {[%cal Bd1e1,Be1e4,Be4g4][%mdl 32] Bc3 is the strong threat.} Bxf3 (17... Qe6 $142 18. Bc3 h5) 18. Bc3 $1 $18 Bg4 {Threatens to win with ...h5.} 19. Bxe4 {[%mdl 64] [#] Overworked Piece} fxe4 20. Qxg4 Rf7 21. Rxe4 Qf8 $2 (21... Qd7 22. Bxg7 Qxg4 23. Rexg4 Ne7 24. Be5+ Kf8 25. Bxc7 Ke8) 22. Qe6 {White is clearly winning.} Rd8 23. Bxg7 Qxg7 24. Rxg7+ Kxg7 25. Rg4+ Kf8 26. Qh6+ Ke8 27. Rg8+ Kd7 28. Rg7 Rxg7 29. Qxg7+ Ne7 30. Qxh7 Rf8 31. Qd3+ Ke8 32. Qe2 Rf4 33. h5 {Accuracy: White = 57%, Black = 31%.} 1-0

[Event "Turkish Championship 2019"]
[Site "Antalya-Kemer"]
[Date "2019.11.28"]
[Round "6.1"]
[White "Haznedaroglu, Kivanc"]
[Black "Sanal, Vahap"]
[Result "0-1"]
[WhiteElo "2461"]
[BlackElo "2545"]
[Annotator "TA"]
[PlyCount "60"]
[EventDate "2019.11.23"]
[EventType "tourn"]
[EventCountry "TUR"]
[SourceTitle "playchess.com"]
[Source "ChessBase"]
[SourceQuality "1"]

{[%evp 19,60,-7,-6,-30,-25,-25,-22,-45,-41,-58,-38,-43,-12,-46,-39,-44,7,-29,-24,-47,-47,-59,-47,-156,-128,-148,-140,-233,-258,-636,-638,-608,-609,-613,-612,-841,-673,-667,-662,-641,-617,-658,-646]} 1. e4 g6 2. c4 Bg7 3. Nc3 d6 4. g3 c5 5. Bg2 Nc6 6. Nge2 e6 7. d3 Nge7 8. Be3 Nd4 9. Qd2 Nec6 10. O-O O-O 11. f4 {A36: Symmetrical English vs ...g6: 4 Bg2 Bg7} (11. Bh6 Bxh6 12. Qxh6 Qf6 13. Nxd4 Nxd4 14. Kh1 Rb8 15. Qd2 b5 16. f4 bxc4 17. dxc4 Qg7 18. Rae1 e5 19. fxe5 Qxe5 {0-1 (63) Miezis,N (2552)-Leko,P (2747) Dresden 2008}) 11... Rb8 12. Rae1 a6 13. b3 {The position is equal.} b5 14. Nc1 $146 ({Predecessor:} 14. h3 Qa5 15. g4 Bd7 16. f5 gxf5 17. gxf5 exf5 18. exf5 {0-1 (60) Nolte,C (1923)-Berchtenbreiter,M (2018) playchess.com INT 2007}) 14... Bb7 15. N3e2 Qd7 16. Nxd4 cxd4 17. Bf2 Rbe8 (17... f5 $15) 18. Ne2 f5 19. Rc1 e5 20. cxb5 axb5 21. fxe5 (21. exf5 $15 gxf5 22. a4) 21... dxe5 $17 22. Rc5 Nd8 23. Qb4 (23. Nc1 $17) 23... fxe4 $19 24. Bxe4 $2 {[#]} (24. dxe4 Bc6 25. a4) 24... Bxe4 {Black is clearly winning.} 25. dxe4 Qg4 26. Qxb5 Ne6 27. Nc1 Nxc5 28. Qxc5 Qxe4 29. Qc4+ Kh8 30. Nd3 Qg4 {Played: Qe4-f5} 0-1